000 00862nam a2200277 a 4500
008
020 _a090256529X (pbk.)
049 _aMAIN
050 1 4 _aKDK1480
_fCON
100 1 _aCondon, John.
245 1 0 _aCapital acquisitions tax /
_cJohn F. Condon & Jim Muddiman.
250 _a11th ed.
260 _aDublin :
_bInstitute of Taxation in Ireland,
_c1998.
300 _axxxii, 439 p. :
_bill. ;
_c25 cm.
500 _a"Finance Act 1998."
500 _aIncludes index.
650 0 _aInheritance and transfer tax
_xLaw and legislation
_zIreland.
650 0 _aGifts
_xTaxation
_xLaw and legislation
_zIreland.
700 1 _aMuddiman, Jim.
710 2 _aInstitute of Taxation in Ireland.
907 _a.b10156604
_b04-03-05
_c03-03-05
003
005 20230123133942.0
040 _cNUST
942 _cBOOKS
999 _c157449
_d157449